| 000 | 00694nam a22001937a 4500 | ||
|---|---|---|---|
| 999 |
_c176058 _d176058 |
||
| 005 | 20201026114934.0 | ||
| 010 | _aUR-10911 | ||
| 020 |
_c280.00 _a9789389358971 |
||
| 035 | _aU-9466 | ||
| 037 | _bDBAD/PUB | ||
| 082 | _a844 | ||
| 100 | _dمر تبہ:قا ضی نو يد صد يقی | ||
| 245 |
_aنير نگ خيا ل _cمر تبہ:قا ضی نو يد صد يقی |
||
| 246 |
_bNairang -E-Khayal (Urdu) _aby Quazi Naweed Siddiqui |
||
| 260 |
_aN.Delhi _bEducational Publishing House _c2019 ء |
||
| 270 |
_aH.O.D1/16,Ansari Road,Darya ganj, _bN.Delhi _e110002 _k45678285,23216162 _l0091-11-23211540 |
||
| 300 |
_a263 ص _c22 Cm(Hb) |
||
| 942 |
_2ddc _cUR _h844 _mص د ی |
||